Регионална библиотека "Любен Каравелов" - Русе

Отец Матей Преображенски Миткалото (Запис номер 37785)

MARC детайли
000 -Лидер
Контролно поле с фиксирана дължина 01171nam a2200289 c 4500
003 - Код на организацията, давaща контролен номер
Контролно поле BLK
005 - Дата и час на последна редакция
Контролно поле 20230424111916.0
008 - Елементи от данни с фиксирана дължина
fixed length control field 180408b bul|||||r ||||||| ||bul||
010 ## - Наследен системен номер
LC control number KNG00040957000
040 ## - Източник на каталожния запис
Идентификатор на билиотеката - собственик на записа BLK
041 ## - Код за език
Код за езика на текст/звукозапис или на отделно заглавие Български
Код за езика КДБФ Български
080 ## - УДК
Текстов определител УДК История на България
УДК код - определител по УДК 94(497.2)
УДК определител (092)
УДК - код + определител 94(497.2)(092)
080 ## - УДК
Текстов определител УДК Матей Петров, монах Светопреображенски
УДК код - определител по УДК 929 Матей Преображенски
УДК определител
УДК - код + определител 929 Матей Преображенски
139 ## - Редно поле
Редна дума Отец Матей Преображенски Миткалото
Авторски знак Оте - О 90
245 10 - Сведения за заглавието
Заглавие Отец Матей Преображенски Миткалото
Подзаглавни данни Статии и науч. съобщения
Редно поле (дума) състав. Тодорка Драганова.
257 ## - Страна на издаване
Страна на създаване/издаване България
260 ## - Област на издателските данни
-- София
Име на издателя, разпространителя и проч. ОФ
Година на издаване 1988
300 ## - Физическа характеристика
Страници 159 с.
Размери/Мащаб 21 см
380 ## - Жанр
Жанр История
600 14 - Име на лице, използвано като предмет
За него / За нея Матей Преображенски
Титли или други наименования, свързани с автора Миткалото
Свързани дати 1828-1875
Пълна форма на името Сеизмонов, Моно Петров
9 (RLIN) 275801
700 1# - Други автори (авторска отговорност)
Лично име Драганова, Тодорка
Автороска отговорност (Описва отношението между автора и произведението) състав.
9 (RLIN) 367415
852 ## - Местоположение
Форматна сигнатура Цб 155575
856 4# - Електронен адрес и достъп
Електронен формат pdf - файл
Път до файла /url/
856 4# - Електронен адрес и достъп
Електронен формат pdf - файл
Път до файла /url/
942 ## - АРТИКУЛИ
Вид на библиотечния материал Книги
Скрит в OPAC Не
944 ## - СЪЗДАВАНЕ И РЕДАКЦИЯ на ЗАПИСА
Създаване/Редакция Създаване
Дата на регистрацията/редакция 22.11.2017
Служител, извършил регистрацията/редакцията Нора_Радева
944 ## - СЪЗДАВАНЕ И РЕДАКЦИЯ на ЗАПИСА
Създаване/Редакция Редакция
Дата на регистрацията/редакция 22.11.2017
Служител, извършил регистрацията/редакцията Нора_Радева
999 ## - СИСТЕМНИ КОНТРОЛНИ НОМЕРА
Koha biblionumber 37785
Koha biblioitemnumber 37785
Наличности
Код за отписване Код за изгубен артикул Източник на класификационната схема Код за повреда Коз за рестрикции Код за отдаване Артикулен № Име на библиотеката - собственик Име на библиотеката, в която се намира в момента Статус (Текущо местоположение) Дата на вписване в системата Местоположение - отдел Цена в лева Инвентарен номер Систематично азбучна сигнатура Баркод Номер на екземпляра Цена в евро Служебна бележка Служебен тип на артикула
  Не е изгубен Universal Decimal Classification Не е повреден без рестрикции ползва се в читалня 59347 Регионална библиотека "Любен Каравелов" Русе Регионална библиотека "Любен Каравелов" Русе Хранилище 1988-01-01 Хранилище 1.58 509297 Цб 155575 120000509297 1 0.81 Вид: Сф Дата: 01.01.1988 Книги
Vip Innovations Ltd, Rousse, Bulgaria 2025